书目信息 |
| 题名: |
中国居民收入分配年度报告
|
|
| 作者: | 张东生 主编 | |
| 分册: | 2012 | |
| 出版信息: | 北京 经济科学出版社 2013.01 |
|
| 页数: | 246页 | |
| 开本: | 24cm | |
| 丛书名: | ||
| 单 册: | ||
| 中图分类: | F126.2 | |
| 科图分类: | ||
| 主题词: | 居民实际收入--收入分配--研究报告--中国--2012 , 居民实际收入 , 收入分配 | |
| 电子资源: | ||
| ISBN: | 978-7-5141-2909-0 | |
| 000 | 00881nam0 2200253 450 | |
| 001 | 003115847 | |
| 005 | 20130701082322.20 | |
| 010 | @a978-7-5141-2909-0@dCNY35.00 | |
| 100 | @a20130305d2013 em y0chiy50 ea | |
| 101 | 0 | @achi |
| 102 | @aCN@b110000 | |
| 105 | @aak z 000yy | |
| 106 | @ar | |
| 200 | 1 | @a中国居民收入分配年度报告@9zhong guo ju min shou ru fen pei nian du bao gao@h2012@f张东生主编 |
| 210 | @a北京@c经济科学出版社@d2013.01 | |
| 215 | @a246页@c图@d24cm | |
| 330 | @a本书主要内容包括:2011年全国居民收入分配总体状况;2011年城镇居民收入分配状况;2011年农村居民收入分配状况;2011年地区间居民收入分配状况等。 | |
| 606 | 0 | @a居民实际收入@x收入分配@x研究报告@y中国@z2012 |
| 606 | 0 | @a居民实际收入 |
| 606 | 0 | @a收入分配 |
| 690 | @aF126.2@v5 | |
| 701 | 0 | @a张东生@9zhang dong sheng@4主编 |
| 801 | 0 | @aCN@b人天书店@c20130305 |
| 905 | @b544624-28@dF126.2@e177@f5 | |
| 中国居民收入分配年度报告.2012/张东生主编.-北京:经济科学出版社,2013.01 |
| 246页:图;24cm |
| ISBN 978-7-5141-2909-0:CNY35.00 |
| 本书主要内容包括:2011年全国居民收入分配总体状况;2011年城镇居民收入分配状况;2011年农村居民收入分配状况;2011年地区间居民收入分配状况等。 |
| ● |
| 相关链接 |
|
|
|
|
正题名:中国居民收入分配年度报告
索取号:F126.2/177
 
预约/预借
| 序号 | 登录号 | 条形码 | 馆藏地/架位号 | 状态 | 备注 |
| 1 | 544624 | 205446249 | 第一样本阅览室/ [索取号:F126.2/177] | 在馆 | |
| 2 | 544625 | 205446258 | 第一借阅区/ [索取号:F126.2/177] | 在馆 | |
| 3 | 544626 | 205446267 | 第一借阅区/ [索取号:F126.2/177] | 在馆 | |
| 4 | 544627 | 205446276 | 第一借阅区/ [索取号:F126.2/177] | 在馆 | |
| 5 | 544628 | 205446285 | 第一借阅区/ [索取号:F126.2/177] | 在馆 |